|
|
|
|
| LEADER |
00000cam a22000002c 4500 |
| 001 |
1840067802 |
| 003 |
DE-627 |
| 005 |
20250707114835.0 |
| 007 |
cr uuu---uuuuu |
| 008 |
230324s1996 xx |||||o 00| ||eng c |
| 024 |
7 |
|
|a 10.3886/ICPSR06648.v1
|2 doi
|
| 035 |
|
|
|a (DE-627)1840067802
|
| 035 |
|
|
|a (DE-599)KXP1840067802
|
| 040 |
|
|
|a DE-627
|b ger
|c DE-627
|e rda
|
| 041 |
|
|
|a eng
|
| 084 |
|
|
|a 2,1
|2 ssgn
|
| 110 |
2 |
|
|a United States Department of Justice. Office of Justice Programs. Bureau of Justice Statistics
|e VerfasserIn
|4 aut
|
| 245 |
1 |
0 |
|a National Jail Census, 1993
|
| 264 |
|
1 |
|a [Erscheinungsort nicht ermittelbar]
|b [Verlag nicht ermittelbar]
|c 1996
|
| 336 |
|
|
|a Text
|b txt
|2 rdacontent
|
| 337 |
|
|
|a Computermedien
|b c
|2 rdamedia
|
| 338 |
|
|
|a Online-Ressource
|b cr
|2 rdacarrier
|
| 520 |
|
|
|a This data collection is part of a series of data collection efforts aimed at studying the nation's locally administered jails. The 1993 census included all locally administered confinement facilities (3,287) that held inmates beyond arraignment and were staffed by municipal or county employees. The census also included 17 jails that were privately operated under contract for local governments and seven facilities maintained by the Federal Bureau of Prisons and functioning as jails. For purposes of this data collection, a local jail was defined as a confinement facility intended for holding adults, and in some cases juveniles pending adjudication or having sentences of a year or less. Jails were further defined as being administered by a local law enforcement agency. Variables include information on jail population by legal status, age, and sex of prisoners, maximum sentence, admissions and releases, available services and programs, structure and capacity, facility age and use of space, expenditure, employment, staff information, and health issues, which include statistics on drugs, AIDS, and tuberculosis.
|
| 540 |
|
|
|a ICPSR Terms of Use
|
| 650 |
|
4 |
|a census data
|
| 650 |
|
4 |
|a correctional facilities
|
| 650 |
|
4 |
|a Correctional System
|
| 650 |
|
4 |
|a corrections management
|
| 650 |
|
4 |
|a demographic characteristics
|
| 650 |
|
4 |
|a inmate populations
|
| 650 |
|
4 |
|a Inmates
|
| 650 |
|
4 |
|a Jail inmates
|
| 650 |
|
4 |
|a Jails
|
| 655 |
|
7 |
|a Forschungsdaten
|0 (DE-588)1098579690
|0 (DE-627)857755366
|0 (DE-576)469182156
|2 gnd-content
|
| 787 |
0 |
8 |
|i Forschungsdaten zu
|a O'Brien, Timothy L.
|t Arresting confidence: Mass incarceration and Black-White differences in perceptions of legal authorities
|d 2020
|w (DE-627)1912460483
|
| 787 |
0 |
8 |
|i Forschungsdaten zu
|a Schlanger, Margo
|t Beyond the hero judge: institutional reform litigation as litigation
|d 1999
|w (DE-627)1912467631
|
| 787 |
0 |
8 |
|i Forschungsdaten zu
|a Hawes, Daniel P.
|t Coming together to punish others: Social capital, racial context, and social control
|d 2019
|w (DE-627)1912483645
|
| 787 |
0 |
8 |
|i Forschungsdaten zu
|a Pew Charitable Trusts
|t Comprehensive Policies Can Improve Probation and Parole
|d Pew Charitable Trusts, 2020
|w (DE-627)1912488590
|
| 787 |
0 |
8 |
|i Forschungsdaten zu
|a Lynch, James P., 1949 -
|t Corrections in the United States: Trends in Correctional Populations, Common Perceptions of Incarceration, and the Role of Corrections in Society
|d [Erscheinungsort nicht ermittelbar] : Bureau of Justice Statistics, 2012
|w (DE-627)1912493748
|
| 787 |
0 |
8 |
|i Forschungsdaten zu
|a Zimring, Franklin E., 1942 -
|t Crime, law enforcement, and sentencing in an era of prison expansion
|d Oxford University Press, 2020
|w (DE-627)1912498774
|
| 787 |
0 |
8 |
|i Forschungsdaten zu
|a Piehl, Anne M.
|t Determinants of civil rights filings in federal district court by jail and prison inmates
|d 2004
|w (DE-627)1912510219
|
| 787 |
0 |
8 |
|i Forschungsdaten zu
|a Kleck, Gary, 1951 -
|t Do more police lead to more crime deterrence?
|d 2014
|w (DE-627)1912520850
|
| 787 |
0 |
8 |
|i Forschungsdaten zu
|a Schlanger, Margo
|t How prisoners' rights lawyers are preserving the role of the courts
|d 2015
|w (DE-627)1912577968
|
| 787 |
0 |
8 |
|i Forschungsdaten zu
|a Schlanger, Margo
|t How Prisoners' Rights Lawyers Are Preserving the Role of the Courts
|d 2014
|w (DE-627)1912577976
|
| 787 |
0 |
8 |
|i Forschungsdaten zu
|a Committee on Data and Research for Policy on Illegal Drugs
|t Informing America's Policy on Illegal Drugs: What We Don't Know Keeps Hurting Us
|d [Erscheinungsort nicht ermittelbar] : National Academy Press, 2001
|w (DE-627)1912591820
|
| 787 |
0 |
8 |
|i Forschungsdaten zu
|a Schlanger, Margo
|t Inmate litigation
|d 2003
|w (DE-627)1912592657
|
| 787 |
0 |
8 |
|i Forschungsdaten zu
|a Dove, John A.
|t Institutions and incarceration: The role of economic freedom at the MSA level
|d 2023
|w (DE-627)1912593432
|
| 787 |
0 |
8 |
|i Forschungsdaten zu
|a Ryo, Emily
|t Jailing Immigrant Detainees: A National Study of County Participation in Immigration Detention, 1983-2013
|d University of Southern California Law School, 2019
|w (DE-627)1912600293
|
| 787 |
0 |
8 |
|i Forschungsdaten zu
|a Perkins, Craig A.
|t Jails and Jail Inmates, 1993-94
|d [Erscheinungsort nicht ermittelbar] : United States Department of Justice, Bureau of Justice Statistics, 1995
|w (DE-627)1912600595
|
| 787 |
0 |
8 |
|i Forschungsdaten zu
|a Bishop, Donna M.
|t Juvenile offenders in the adult criminal jusstice system
|d University of Chicago, 2000
|w (DE-627)1912603969
|
| 787 |
0 |
8 |
|i Forschungsdaten zu
|a Knapp, Courtney
|t Local planning in the age of mass decarceration
|d 2020
|w (DE-627)1912611058
|
| 787 |
0 |
8 |
|i Forschungsdaten zu
|a Liu, Patrick
|t Nine Facts About Monetary Sanctions in the Criminal Justice System
|d The Hamilton Project, 2019
|w (DE-627)1912636794
|
| 787 |
0 |
8 |
|i Forschungsdaten zu
|a Kang-Brown, Jacob
|t People in Jail and Prison in Spring 2021
|d [Erscheinungsort nicht ermittelbar] : Vera Institute of Justice, 2021
|w (DE-627)1912648652
|
| 787 |
0 |
8 |
|i Forschungsdaten zu
|a Schlanger, Margo
|t Prison and Jail Civil Rights/Conditions Cases: Longitudinal Statistics, 1970-2021
|d University of Michigan Law, 2021
|w (DE-627)1912663147
|
| 787 |
0 |
8 |
|i Forschungsdaten zu
|a Stober, Emmanuel
|t The race warfare and the United States justice system
|d 2020
|w (DE-627)1912674300
|
| 787 |
0 |
8 |
|i Forschungsdaten zu
|a Clegg, John
|t Slavery's Carceral Legacy
|d [Erscheinungsort nicht ermittelbar] : [Verlag nicht ermittelbar], 2021
|w (DE-627)1912704617
|
| 787 |
0 |
8 |
|i Forschungsdaten zu
|a Yun, Minjae
|t Three Essays in Law and Economics: Consequences and Formation of Legal Rules in Other Markets
|d [Erscheinungsort nicht ermittelbar] : Claremont Graduate University, 2022
|w (DE-627)1912724405
|
| 787 |
0 |
8 |
|i Forschungsdaten zu
|a Schlanger, Margo
|t Trends in prisoner litigation, as the PLRA enters adulthood
|d 2015
|w (DE-627)1912729970
|
| 856 |
4 |
0 |
|u https://doi.org/10.3886/ICPSR06648.v1
|x Resolving-System
|z kostenfrei
|3 Volltext
|7 0
|
| 935 |
|
|
|a mkri
|
| 951 |
|
|
|a BO
|
| ELC |
|
|
|a 1
|
| LOK |
|
|
|0 000 xxxxxcx a22 zn 4500
|
| LOK |
|
|
|0 001 4296815679
|
| LOK |
|
|
|0 003 DE-627
|
| LOK |
|
|
|0 004 1840067802
|
| LOK |
|
|
|0 005 20230324125341
|
| LOK |
|
|
|0 008 230324||||||||||||||||ger|||||||
|
| LOK |
|
|
|0 035
|a (DE-2619)ICPSR6648
|
| LOK |
|
|
|0 040
|a DE-2619
|c DE-627
|d DE-2619
|
| LOK |
|
|
|0 092
|o n
|
| LOK |
|
|
|0 852
|a DE-2619
|
| LOK |
|
|
|0 852 1
|9 00
|
| LOK |
|
|
|0 935
|a foda
|a nacj
|
| LOK |
|
|
|0 939
|a 24-03-23
|b l01
|
| OAS |
|
|
|a 1
|
| ORI |
|
|
|a SA-MARC-krimdoka001.raw
|